000
00309nam a2200121Ia 4500
005
20251222154337.0
008
251222s9999||||xx |||||||||||||| ||spa||
020
_a
84-7905-216-3
082
_a
REF.570/R75/T.10
100
_a
"Rodriguez de la Fuente, Felix"
245
0
_a
Enciclopedia de la fauna
942
_c
LIB
999
_c
34380
_d
34380